[Event "Albena Vivacom op"]
[Site "Albena"]
[Date "2015.09.17"]
[Round "5"]
[White "Petrov, Valeri"]
[Black "Andronescu, Madalin"]
[Result "0-1"]
[WhiteElo "1965"]
[BlackElo "2214"]
[PlyCount "64"]
[EventDate "2015.09.14"]
[EventType "swiss"]
[EventRounds "9"]
[EventCountry "BUL"]
[SourceTitle "EXT 2016"]
[Source "ChessBase"]
[SourceDate "2015.10.08"]
[SourceVersion "1"]
[SourceVersionDate "2015.10.08"]
[SourceQuality "1"]

1. e4 d5 2. exd5 Nf6 3. Nf3 Nxd5 4. d4 Bg4 5. Be2 e6 6. 0-0 c5 7. dxc5 Bxc5 8. c4 Nb4 9. Qxd8+ Kxd8 10. Na3 N8c6 11. Bf4 f6 12. h3 Bh5 13. Nb5 e5 14. Bg3 a5 15. a3 Na6 16. Rfe1 Bf7 17. Nd2 Nd4 18. Bd3 Nxb5 19. cxb5 Nc7 20. Ne4 Bd4 21. Re2 Ke7 22. Nc3 Rhd8 23. Rd1 Bxc3 24. bxc3 Bc4 25. Red2 Bxd3 26. Rxd3 Rxd3 27. Rxd3 Nxb5 28. c4 Nd4 29. Kf1 g5 30. f4 gxf4 31. Bxf4 Rc8 32. Bd2 Rxc4 0-1

[Event "Albena Vivacom op"]
[Site "Albena"]
[Date "2015.09.14"]
[Round "1"]
[White "Petrov, Vladimir Sergeev"]
[Black "Petrov, Valeri"]
[Result "1-0"]
[WhiteElo "2321"]
[BlackElo "1965"]
[PlyCount "55"]
[EventDate "2015.09.14"]
[EventType "swiss"]
[EventRounds "9"]
[EventCountry "BUL"]
[SourceTitle "EXT 2016"]
[Source "ChessBase"]
[SourceDate "2015.10.08"]
[SourceVersion "1"]
[SourceVersionDate "2015.10.08"]
[SourceQuality "1"]

1. e4 d5 2. exd5 Qxd5 3. Nc3 Qd8 4. d4 c6 5. Bc4 Bf5 6. Nf3 e6 7. Ne5 Nf6 8. g4 Be4 9. Nxe4 Nxe4 10. Be3 Nd6 11. Bb3 Nd7 12. Qe2 Nxe5 13. dxe5 Nb5 14. Rd1 Qc8 15. c4 Nc7 16. Bc2 Bb4+ 17. Kf1 Na6 18. a3 Bc5 19. Bxc5 Nxc5 20. b4 Na6 21. Kg2 0-0 22. Rd6 g6 23. h4 Rd8 24. h5 Rxd6 25. exd6 Qd7 26. Qe5 Rf8 27. hxg6 f6 28. Rxh7 1-0

[Event "BUL-chT-B 62nd"]
[Site "Sunny Beach"]
[Date "2012.09.22"]
[Round "4.4"]
[White "Nikolov, Jordan"]
[Black "Petrov, Valeri"]
[Result "1-0"]
[WhiteElo "2067"]
[BlackElo "1987"]
[PlyCount "77"]
[EventDate "2012.09.19"]
[EventType "team-swiss"]
[EventRounds "7"]
[EventCountry "BUL"]
[SourceTitle "CBM 150 Extra"]
[Source "ChessBase"]
[SourceDate "2012.10.19"]
[SourceVersion "1"]
[SourceVersionDate "2012.10.19"]
[SourceQuality "1"]
[WhiteTeam "Pernik Yuriy Benderev"]
[BlackTeam "Slivnitsa Geroy"]
[WhiteTeamCountry "BUL"]
[BlackTeamCountry "BUL"]

1. e4 d5 2. Nc3 d4 3. Nce2 e5 4. d3 c5 5. f4 Nc6 6. Nf3 Bd6 7. g3 Nf6 8. Bg2 Bg4 9. 0-0 h5 10. h3 Bxf3 11. Bxf3 Qd7 12. f5 0-0-0 13. Bd2 Rdg8 14. Bg2 g5 15. a3 b5 16. Qc1 Nh7 17. c4 Qb7 18. cxb5 Qxb5 19. Qc2 Kd7 20. b4 cxb4 21. Qb3 Ke7 22. axb4 Kf6 23. Rfb1 Rb8 24. Nc1 Rb7 25. Qd1 Nf8 26. h4 gxh4 27. gxh4 Ke7 28. Bf3 f6 29. Bxh5 Kd8 30. Be1 Rg7+ 31. Kh2 Qb7 32. Bf3 Nh7 33. Ra2 Ng5 34. Rg2 Rgh7 35. Bg4 Bxb4 36. Kg1 Nf7 37. Bxb4 Nxb4 38. Qa4 Rxh4 39. Rxb4 1-0

[Event "BUL-chT2"]
[Site "Albena"]
[Date "2011.06.07"]
[Round "8.2"]
[White "Shivacheva, Donika"]
[Black "Petrov, Valeri"]
[Result "0-1"]
[WhiteElo "1681"]
[BlackElo "1996"]
[PlyCount "104"]
[EventDate "2011.06.02"]
[EventType "team-tourn"]
[EventRounds "9"]
[EventCountry "BUL"]
[SourceTitle "CBM 142 Extra"]
[Source "ChessBase"]
[SourceDate "2011.06.27"]
[SourceVersion "1"]
[SourceVersionDate "2011.06.27"]
[SourceQuality "1"]
[WhiteTeam "Jambol Tundja"]
[BlackTeam "Slivnitsa Geroy"]
[WhiteTeamCountry "BUL"]
[BlackTeamCountry "BUL"]

1. e4 e5 2. Nf3 Nc6 3. Bc4 d6 4. h3 Be6 5. Bb3 h6 6. d4 exd4 7. Nxd4 Nxd4 8. Qxd4 Nf6 9. Nc3 a6 10. Be3 b5 11. Bxe6 fxe6 12. e5 Nd7 13. exd6 cxd6 14. Qe4 Kf7 15. Qf3+ Nf6 16. Rd1 Be7 17. Ne4 d5 18. Nxf6 Bxf6 19. Qh5+ g6 20. Qf3 Rc8 21. c3 Kg7 22. Qg4 Qe7 23. Bd4 e5 24. Bb6 Rc4 25. Qg3 Re4+ 26. Kf1 Rb8 27. Ba5 Rf4 28. Rxd5 Bh4 29. Qd3 Rxf2+ 30. Kg1 Rf7 31. Bb4 Bf2+ 32. Kh2 Qf6 33. Bd6 Re8 34. Rd1 e4 35. Qe2 h5 36. Kh1 Bb6 37. Bg3 Ba7 38. Qd2 Qf1+ 39. Rxf1 Rxf1+ 40. Kh2 Bg1+ 41. Kh1 Be3+ 42. Kh2 Bxd2 43. Rxd2 g5 44. Rd5 Kg6 45. h4 Rf5 46. Rd6+ Rf6 47. Rd5 gxh4 48. Bxh4 Rfe6 49. Rg5+ Kh6 50. Kg1 e3 51. Kf1 e2+ 52. Ke1 Rd6 0-1

[Event "BUL-chT2"]
[Site "Albena"]
[Date "2011.06.05"]
[Round "5.5"]
[White "Stanoev, Atanas"]
[Black "Petrov, Valeri"]
[Result "1-0"]
[WhiteElo "2226"]
[BlackElo "1996"]
[PlyCount "90"]
[EventDate "2011.06.02"]
[EventType "team-tourn"]
[EventRounds "9"]
[EventCountry "BUL"]
[SourceTitle "CBM 142 Extra"]
[Source "ChessBase"]
[SourceDate "2011.06.27"]
[SourceVersion "1"]
[SourceVersionDate "2011.06.27"]
[SourceQuality "1"]
[WhiteTeam "Blagoevgrad Victory"]
[BlackTeam "Slivnitsa Geroy"]
[WhiteTeamCountry "BUL"]
[BlackTeamCountry "BUL"]

1. d4 d5 2. c4 Nf6 3. cxd5 Nxd5 4. e4 Nb6 5. h3 e6 6. Nf3 Be7 7. Nc3 0-0 8. Be2 h6 9. 0-0 a6 10. Bf4 Bd6 11. Be3 N6d7 12. e5 Be7 13. Bd3 Nb6 14. Bc2 h5 15. Be4 Nd5 16. Rc1 c6 17. Nd2 g6 18. Bb1 Bg5 19. Bxg5 Qxg5 20. Nde4 Qe7 21. Qf3 Nd7 22. a3 c5 23. Nxd5 exd5 24. Nxc5 Nb6 25. Ba2 Rd8 26. a4 a5 27. Rfd1 Qe8 28. Bb3 Qe7 29. Ba2 Qe8 30. Rd2 Qe7 31. Rdc2 Bf5 32. Re2 Rac8 33. Rce1 Nc4 34. e6 f6 35. g4 hxg4 36. hxg4 b6 37. Nd7 Be4 38. Nxf6+ Kg7 39. Nxe4 Rf8 40. Qd3 dxe4 41. Qxe4 g5 42. Bxc4 Rxc4 43. Rc2 Rxc2 44. Qxc2 Rf4 45. Re4 Qd6 1-0

[Event "Sofia Baharov Memorial 18th"]
[Site "Sofia"]
[Date "2010.11.25"]
[Round "1"]
[White "Bonev, Todor"]
[Black "Petrov, Valeri"]
[Result "1-0"]
[WhiteElo "2297"]
[BlackElo "1996"]
[PlyCount "33"]
[EventDate "2010.11.25"]
[EventType "swiss"]
[EventRounds "7"]
[EventCountry "BUL"]
[SourceTitle "CBM 139 Extra"]
[Source "ChessBase"]
[SourceDate "2011.01.05"]
[SourceVersion "1"]
[SourceVersionDate "2011.01.05"]
[SourceQuality "1"]

1. e4 e5 2. Nf3 Nc6 3. Bb5 a6 4. Ba4 Nf6 5. d4 Nxe4 6. 0-0 Be7 7. Re1 d5 8. Nxe5 Bd7 9. Nxd7 Qxd7 10. c4 0-0 11. cxd5 Qxd5 12. f3 b5 13. Bb3 Qxd4+ 14. Qxd4 Nxd4 15. Rxe4 Bc5 16. Kf1 Rad8 17. Nc3 1-0

[Event "BUL-chT2"]
[Site "Sunny Beach"]
[Date "2009.06.12"]
[Round "5.5"]
[White "Petrov, Valeri"]
[Black "Vutov, M Mario"]
[Result "0-1"]
[WhiteElo "1993"]
[BlackElo "2330"]
[PlyCount "90"]
[EventDate "2009.06.08"]
[EventType "team-swiss"]
[EventRounds "7"]
[EventCountry "BUL"]
[SourceTitle "CBM 130 Extra"]
[Source "ChessBase"]
[SourceDate "2009.07.02"]
[SourceVersion "2"]
[SourceVersionDate "2009.07.15"]
[SourceQuality "1"]

1. e4 c5 2. Nf3 Nc6 3. Nc3 e6 4. Bb5 Nge7 5. 0-0 a6 6. Bxc6 Nxc6 7. d4 cxd4 8. Nxd4 Qc7 9. Nde2 b5 10. Ng3 h5 11. Re1 Ne5 12. Bf4 d6 13. Bxe5 dxe5 14. Nxh5 b4 15. Na4 Bd7 16. b3 Bxa4 17. bxa4 f6 18. Qg4 Qf7 19. Ng3 Bc5 20. Rad1 0-0 21. Rd3 f5 22. exf5 exf5 23. Nxf5 Qxf5 24. Qc4+ Qf7 25. Qxc5 Rac8 26. Qd5 Rxc2 27. f3 Qxd5 28. Rxd5 Rxa2 29. Rdxe5 Rxa4 30. Rg5 Ra2 31. Re7 Rf7 32. Re8+ Kh7 33. Rb8 a5 34. Rh5+ Kg6 35. Rhb5 Rf5 36. R8b6+ Kg5 37. f4+ Kxf4 38. g3+ Kg4 39. h3+ Kg5 40. h4+ Kg4 41. Rg6+ Kh5 42. Rbb6 Rd5 43. Rgd6 Rxd6 44. Rxd6 b3 45. Rd5+ Kh6 0-1

[Event "BUL-chT2 58th"]
[Site "Borovetz"]
[Date "2008.10.04"]
[Round "4.6"]
[White "Polihronov, Angel"]
[Black "Petrov, Valeri"]
[Result "0-1"]
[WhiteElo "1792"]
[BlackElo "1986"]
[PlyCount "56"]
[EventDate "2008.10.01"]
[EventType "team-swiss"]
[EventRounds "7"]
[EventCountry "BUL"]
[SourceTitle "CBM 126 Extra"]
[Source "ChessBase"]
[SourceDate "2008.11.05"]
[SourceVersion "1"]
[SourceVersionDate "2008.11.05"]
[SourceQuality "1"]

1. e4 e5 2. Nf3 Nc6 3. Bc4 Be7 4. c3 d6 5. d4 Bf6 6. d5 Nb8 7. 0-0 Ne7 8. Be2 0-0 9. h3 Ng6 10. g3 Bxh3 11. Re1 Be7 12. Kh2 Bc8 13. Kg2 f5 14. exf5 Bxf5 15. Bd3 Bg4 16. Be4 Nd7 17. Nbd2 Nc5 18. Bxg6 hxg6 19. Qc2 Bf5 20. Qd1 Qd7 21. b4 Nd3 22. Re3 Nxc1 23. Rxc1 Rf7 24. Qh1 Bg4 25. Qh2 Rf5 26. Rf1 Rh5 27. Qg1 Bh3+ 28. Kh2 Bxf1+ 0-1